Jet Lag: The Game States - Statistics

General Stats
  • This quiz has been taken 34 times
  • The average score is 15 of 29
Answers on the Grid
Answers color-coded by a green-red scale on the quiz's grid according to % correct below.
Alabama
Alaska
Arizona
Arkansas
California
Colorado
Connecticut
Delaware
Florida
Georgia
Hawaii
Idaho
Illinois
Indiana
Iowa
Kansas
Kentucky
Louisiana
Maine
Maryland
Massachusetts
Michigan
Minnesota
Mississippi
Missouri
Montana
Nebraska
Nevada
New Hampshire
New Jersey
New Mexico
New York
North Carolina
North Dakota
Ohio
Oklahoma
Oregon
Pennsylvania
Rhode Island
South Carolina
South Dakota
Tennessee
Texas
Utah
Vermont
Virginia
Washington
West Virginia
Wisconsin
Wyoming
 
Answer Stats
Answer % Correct
Battle 4 America, Arctic Escape Alaska
86%
Connect 4, Battle 4 America Arizona
86%
Connect 4, Circumnavigation, Battle 4 America California
81%
Connect 4, Circumnavigation, Battle 4 America, Arctic Escape Colorado
81%
Arctic Escape Florida
76%
Connect 4, Battle 4 America, Arctic Escape Illinois
62%
Battle 4 America Connecticut
57%
Battle 4 America Delaware
57%
Connect 4, Arctic Escape Idaho
57%
Battle 4 America Indiana
57%
Battle 4 America, Arctic Escape Texas
52%
Arctic Escape Georgia
48%
Battle 4 America Maryland
48%
Battle 4 America Massachusetts
48%
Battle 4 America Michigan
48%
Battle 4 America Virginia
48%
Battle 4 America, Arctic Escape Washington
48%
Battle 4 America New Jersey
43%
Circumnavigation, Battle 4 America, Hide & Seek NYC New York
43%
Battle 4 America, Arctic Escape Pennsylvania
43%
Battle 4 America Rhode Island
43%
Battle 4 America Tennessee
43%
Connect 4 Montana
38%
Connect 4, Battle 4 America Nevada
38%
Connect 4 Oregon
38%
Connect 4, Arctic Escape Utah
33%
Arctic Escape Alabama
29%
Connect 4, Battle 4 America Wyoming
29%
Arctic Escape Wisconsin
24%
No matching quizzes found
Score Distribution
Percent of People with Each Score
Percentile by Number Answered
Your Score History
You have not taken this quiz